Bacterial sport damage on tomato yield in wet season 2002 at kbal koh vegetable research station, ការបំផ្លាញដោយជំងឺបាត់តេរីប្រជ្រុយលើទិន្នផលប៉េងប៉ោះនៅស្ថានីយ៍ពិសោធន៍ពូជបន្លែក្បាលកោះនារដូវវស្សាឆ្នាំ២០០២ (Record no. 1420)
[ view plain ]
| 000 -LEADER | |
|---|---|
| fixed length control field | 00774nam a22001577a 4500 |
| 003 - CONTROL NUMBER IDENTIFIER | |
| control field | OSt |
| 005 - DATE AND TIME OF LATEST TRANSACTION | |
| control field | 20150928165720.0 |
| 008 - FIXED-LENGTH DATA ELEMENTS--GENERAL INFORMATION | |
| fixed length control field | 150928b xxu||||| |||| 00| 0 eng d |
| 040 ## - CATALOGING SOURCE | |
| Transcribing agency | RUA |
| 082 ## - DEWEY DECIMAL CLASSIFICATION NUMBER | |
| Classification number | ATM.Sp SOE 2003 B059 Or.1 |
| 100 ## - MAIN ENTRY--PERSONAL NAME | |
| 9 (RLIN) | 1512 |
| Personal name | SOEUNG, SANGEM. |
| 245 ## - TITLE STATEMENT | |
| Title | Bacterial sport damage on tomato yield in wet season 2002 at kbal koh vegetable research station, ការបំផ្លាញដោយជំងឺបាត់តេរីប្រជ្រុយលើទិន្នផលប៉េងប៉ោះនៅស្ថានីយ៍ពិសោធន៍ពូជបន្លែក្បាលកោះនារដូវវស្សាឆ្នាំ២០០២ |
| 260 ## - PUBLICATION, DISTRIBUTION, ETC. (IMPRINT) | |
| Place of publication, distribution, etc. | Phnom Penh |
| Name of publisher, distributor, etc. | RUA |
| Date of publication, distribution, etc. | 2003 |
| 300 ## - PHYSICAL DESCRIPTION | |
| Extent | 54p. |
| Other physical details | ill. |
| Dimensions | 29cm. |
| 942 ## - ADDED ENTRY ELEMENTS (KOHA) | |
| Source of classification or shelving scheme | |
| Koha item type | ATM.s |
No items available.